| 000 | 00497nam a22001697a 4500 | ||
|---|---|---|---|
| 999 |
_c7113 _d7113 |
||
| 003 | GBCCL | ||
| 005 | 20241126110620.0 | ||
| 008 | 180710b ||||| |||| 00| 0 eng d | ||
| 040 | _cGBC | ||
| 082 |
_aVER 248.4 _bGUI |
||
| 100 |
_aGuite, Paukhanmang _99561 |
||
| 245 |
_aChristian Inkuan: _bLaisiangthou sinsakna bulpite/ _cPaukhanmang Guite |
||
| 260 |
_aNew Delhi: _bPari, _c2000. |
||
| 300 |
_avi, 139 p.; _c14 x 20 cm. |
||
| 650 |
_aChristian Family - Biblical Teaching _912597 |
||
| 942 |
_2ddc _cBK |
||